[Event "GER-ch 80th"]
[Site "Saarbruecken"]
[Date "2009.02.06"]
[Round "1"]
[White "Bastian, Herbert"]
[Black "Hundack, Rolf"]
[Result "0-1"]
[WhiteElo "2361"]
[BlackElo "2139"]
[EventDate "2009.02.06"]
[PlyCount "112"]

1. e4 e5 2. Nf3 Nc6 3. Bc4 Bc5 4. d4 exd4 5. c3 d3 6. O-O d6 7. Qxd3 Nf6 8. Bg5 h6 9. Bh4 O-O 10. b4 Bb6 11. Nbd2 Qe7 12. Bb3 Bg4 13. Rfe1 Rad8 14. Nc4 Bxf3 15. Qxf3 Ne5 16. Qf5 Nxc4 17. Bxc4 Qe5 18. Qf3 Rde8 19. Bg3 Qh5 20. Qf4 Qg6 21. Bd3 Nh5 22. Qf3 Nxg3 23. Qxg3 Qf6 24. Rac1 Re5 25. Re2 a5 26. a3 Rfe8 27. Kh1 Rg5 28. Qh4 Qg6 29. g3 Rh5 30. Qf4 Re6 31. Qd2 Qg4 32. Rg1 Qf3+ 33. Rg2 Ree5 34. Re1 Bxf2 35. Qxf2 Qxd3 36. Re3 Qd1+ 37. Rg1 Qg4 38. Rge1 Re7 39. Qf4 Qh3 40. g4 Qh4 41. Kg2 Rhe5 42. Rf1 Qg5 43. Qxg5 Rxg5 44. Kf3 Re6 45. Kg3 Rge5 46. Rf5 axb4 47. Rxe5 Rxe5 48. cxb4 Kf8 49. Kf3 Ke7 50. Rc3 Kd7 51. h4 c6 52. a4 d5 53. exd5 Rxd5 54. Ke4 Kd6 55. Rc1 Rd2 56. g5 Rh2 0-1

[Event "GER-ch 80th"]
[Site "Saarbruecken"]
[Date "2009.02.06"]
[Round "1"]
[White "Beikert, Guenther"]
[Black "Zelbel, Patrick"]
[Result "1/2-1/2"]
[WhiteElo "2470"]
[BlackElo "2294"]
[EventDate "2009.02.06"]
[PlyCount "69"]

1. Nf3 Nf6 2. c4 g6 3. Nc3 Bg7 4. d4 O-O 5. Bg5 d6 6. e3 c5 7. Be2 Nbd7 8. O-O h6 9. Bh4 Nh7 10. Qd2 f5 11. Rad1 Nhf6 12. Bxf6 Bxf6 13. e4 f4 14. e5 cxd4 15. exf6 dxc3 16. fxe7 Qxe7 17. Qxc3 Ne5 18. c5 Nxf3+ 19. Bxf3 dxc5 20. Rfe1 Qc7 21. Rd5 Bf5 22. Rxc5 Qg7 23. Bxb7 Rae8 24. Qxg7+ Kxg7 25. Rce5 Rxe5 26. Rxe5 Rb8 27. Re7+ Kf6 28. Rc7 Re8 29. h4 Re1+ 30. Kh2 Re2 31. Bf3 Rxb2 32. Rxa7 Rxf2 33. Ra6+ Kg7 34. Ra7+ Kf6 35. Ra6+ 1/2-1/2

[Event "GER-ch 80th"]
[Site "Saarbruecken"]
[Date "2009.02.06"]
[Round "1"]
[White "Bischoff, Klaus"]
[Black "Vatter, Hans Joachim"]
[Result "1-0"]
[WhiteElo "2545"]
[BlackElo "2322"]
[EventDate "2009.02.06"]
[PlyCount "71"]

1. d4 d5 2. c4 c6 3. Nf3 Nf6 4. Nc3 a6 5. c5 b5 6. h3 Bf5 7. Bf4 h6 8. e3 Nbd7 9. Bh2 Ne4 10. Bd3 Nxc3 11. bxc3 Bxd3 12. Qxd3 e6 13. O-O Be7 14. a4 O-O 15. Qc2 Qc8 16. Ra3 Bd8 17. Rfa1 a5 18. axb5 cxb5 19. Qd3 Qc6 20. Rb3 a4 21. Rxb5 Bc7 22. Bxc7 Qxc7 23. Rb4 e5 24. Qc2 e4 25. Nd2 a3 26. Ra4 f5 27. R4xa3 Rxa3 28. Rxa3 f4 29. exf4 Qxf4 30. Nf1 Rf6 31. c4 e3 32. Nxe3 Qxd4 33. Nxd5 Rf8 34. c6 Nf6 35. Rd3 Qe4 36. c7 1-0

[Event "GER-ch 80th"]
[Site "Saarbruecken"]
[Date "2009.02.06"]
[Round "1"]
[White "Deglmann, Ludwig"]
[Black "Braun, Arik"]
[Result "0-1"]
[WhiteElo "2325"]
[BlackElo "2558"]
[EventDate "2009.02.06"]
[PlyCount "46"]

1. e4 c6 2. Nf3 d5 3. exd5 cxd5 4. Ne5 Nd7 5. d4 g6 6. Qf3 Ngf6 7. Nc3 Bg7 8. Bf4 O-O 9. Bd3 Nh5 10. O-O-O Nxf4 11. Qxf4 Nxe5 12. dxe5 e6 13. h4 Qc7 14. Rde1 f6 15. h5 fxe5 16. Qg3 Bd7 17. Bxg6 hxg6 18. Qxg6 Kh8 19. Rh3 Rf6 20. Qg4 Bh6+ 21. Kb1 Rg8 22. Qh4 Rf4 23. Qe7 Bf8 0-1

[Event "GER-ch 80th"]
[Site "Saarbruecken"]
[Date "2009.02.06"]
[Round "1"]
[White "Gross, Georg"]
[Black "Fridman, Daniel"]
[Result "0-1"]
[WhiteElo "2351"]
[BlackElo "2650"]
[EventDate "2009.02.06"]
[PlyCount "66"]

1. d4 d5 2. Nf3 c5 3. Nc3 Nf6 4. Bf4 Nc6 5. e3 Bg4 6. Be2 e6 7. O-O Rc8 8. h3 Bxf3 9. Bxf3 cxd4 10. exd4 Qb6 11. Ne2 Qxb2 12. c4 dxc4 13. Rb1 Qa3 14. Rxb7 Be7 15. Qb1 Nd5 16. Rc1 O-O 17. Rxc4 Nxf4 18. Nxf4 Nxd4 19. Rxd4 Rc1+ 20. Qxc1 Qxc1+ 21. Rd1 Qa3 22. Rdd7 Bd6 23. Ne2 Bc5 24. Ng3 Qxa2 25. Ne4 Bb6 26. h4 h6 27. Kh2 Qa1 28. g3 f5 29. Nd2 Bxf2 30. Bd1 Qe5 31. Nf1 f4 32. Bg4 fxg3+ 33. Kg2 Qe4+ 0-1

[Event "GER-ch 80th"]
[Site "Saarbruecken"]
[Date "2009.02.06"]
[Round "1"]
[White "Heinig, Wolfram"]
[Black "Meier, Georg"]
[Result "0-1"]
[WhiteElo "2328"]
[BlackElo "2608"]
[EventDate "2009.02.06"]
[PlyCount "128"]

1. Nf3 e6 2. c4 c5 3. g3 b6 4. Bg2 Bb7 5. O-O Nf6 6. Nc3 d6 7. d4 cxd4 8. Qxd4 a6 9. Rd1 Be7 10. b3 Nbd7 11. Bb2 O-O 12. Ng5 Bxg2 13. Kxg2 Qc7 14. Nge4 Rfd8 15. Rac1 Ne8 16. Qe3 Qb7 17. Qf3 Rab8 18. Nd2 Qc7 19. e4 Qb7 20. Qe2 b5 21. Kg1 Nef6 22. h3 h6 23. a3 bxc4 24. Qxc4 Rdc8 25. Qe2 a5 26. Na2 d5 27. exd5 Nxd5 28. Rxc8+ Rxc8 29. Rc1 Rxc1+ 30. Nxc1 Bg5 31. h4 Bf6 32. Bxf6 N7xf6 33. Qc4 Ne7 34. Nd3 Nfd5 35. b4 axb4 36. Nxb4 Qa8 37. Nxd5 Nxd5 38. Qb3 Qa5 39. Nf3 Qc5 40. Kg2 Nc3 41. Qb8+ Kh7 42. Qf4 f6 43. Qe3 Qc6 44. Kh2 e5 45. h5 Nb5 46. a4 Nd6 47. Nd2 Qd5 48. g4 Kh8 49. Qc3 f5 50. gxf5 e4 51. Kg1 Qxf5 52. Qd4 Qg4+ 53. Kf1 Qd1+ 54. Kg2 Qg4+ 55. Kf1 Nf5 56. Qxe4 Qxh5 57. Nf3 Nd6 58. Qc6 Qh3+ 59. Kg1 Qg4+ 60. Kf1 Ne4 61. Qe8+ Kh7 62. Qf7 Qh3+ 63. Kg1 Nc3 64. Nd4 Qg4+ 0-1

[Event "GER-ch 80th"]
[Site "Saarbruecken"]
[Date "2009.02.06"]
[Round "1"]
[White "Hirneise, Tobias"]
[Black "Sternheimer, Erhard"]
[Result "1-0"]
[WhiteElo "2426"]
[BlackElo "2224"]
[EventDate "2009.02.06"]
[PlyCount "49"]

1. e4 e5 2. Nf3 Nc6 3. Bb5 Nge7 4. Nc3 g6 5. d4 exd4 6. Nd5 Nxd5 7. exd5 Qe7+ 8. Be2 d3 9. Qxd3 Ne5 10. Nxe5 Qxe5 11. Bd2 f6 12. Bc3 Qd6 13. h4 Kf7 14. O-O-O Qf4+ 15. Kb1 d6 16. g3 Qa4 17. b3 Qd7 18. h5 Bg7 19. h6 Bf8 20. Bxf6 Rg8 21. Ba1 Be7 22. Rde1 Qf5 23. Qc3 c5 24. Bg4 Qf6 25. Be6+ 1-0

[Event "GER-ch 80th"]
[Site "Saarbruecken"]
[Date "2009.02.06"]
[Round "1"]
[White "Jorczik, Julian Marcel"]
[Black "Mehlhorn, Uwe"]
[Result "1/2-1/2"]
[WhiteElo "2381"]
[BlackElo "2151"]
[EventDate "2009.02.06"]
[PlyCount "40"]

1. d4 d6 2. e4 g6 3. Nc3 Bg7 4. Be3 a6 5. a4 Nd7 6. h3 b6 7. g4 Bb7 8. Bg2 Rb8 9. Nge2 e6 10. Qd2 h6 11. O-O Ne7 12. Ng3 Kf8 13. f4 f5 14. d5 exd5 15. exf5 gxf5 16. Nh5 Rg8 17. Nxg7 Rxg7 18. g5 Qe8 19. Rae1 Qf7 20. Rd1 Re8 1/2-1/2

[Event "GER-ch 80th"]
[Site "Saarbruecken"]
[Date "2009.02.06"]
[Round "1"]
[White "Khenkin, Igor"]
[Black "Mayer, Frank1"]
[Result "1-0"]
[WhiteElo "2644"]
[BlackElo "2331"]
[EventDate "2009.02.06"]
[PlyCount "61"]

1. d4 f5 2. g3 Nf6 3. Bg2 g6 4. c3 Bg7 5. Nd2 d5 6. Nh3 O-O 7. Nf4 Nc6 8. Nf3 e6 9. h4 Ne4 10. h5 g5 11. h6 Bh8 12. Nd3 Bf6 13. Be3 Bd7 14. Qc1 Kh8 15. Kf1 Rg8 16. b4 Qe7 17. Nfe5 Raf8 18. c4 Bxe5 19. dxe5 d4 20. Bd2 Nd8 21. Be1 b5 22. a4 bxa4 23. f3 a6 24. e3 dxe3 25. Qxe3 Nxg3+ 26. Bxg3 f4 27. Qc5 Qf7 28. Be1 g4 29. Bh4 gxf3 30. Bxf3 Qf5 31. Nf2 1-0

[Event "GER-ch 80th"]
[Site "Saarbruecken"]
[Date "2009.02.06"]
[Round "1"]
[White "Markgraf, Alexander"]
[Black "Mueller, Hans Georg"]
[Result "1/2-1/2"]
[WhiteElo "2463"]
[BlackElo "2250"]
[EventDate "2009.02.06"]
[PlyCount "102"]

1. e4 d6 2. d4 Nf6 3. Nc3 g6 4. f4 Bg7 5. Nf3 c5 6. dxc5 Qa5 7. Qd4 dxc5 8. Bb5+ Qxb5 9. Qxf6 Bxf6 10. Nxb5 Na6 11. e5 Bg7 12. Be3 Kd7 13. O-O-O+ Kc6 14. Nc3 f6 15. Nd5 Re8 16. Bf2 Be6 17. c4 b5 18. Rhe1 bxc4 19. Nxe7+ Rxe7 20. Rd6+ Kb5 21. exf6 Bxf6 22. Rexe6 Rxe6 23. Rxe6 Rf8 24. a3 Nc7 25. Rd6 a5 26. Kc2 a4 27. Be1 Rf7 28. g3 Ne8 29. Re6 Ng7 30. Re4 Nf5 31. Bc3 Bxc3 32. Kxc3 Rd7 33. Ne5 Rd4 34. Re1 Ne7 35. Kc2 Nf5 36. Kc3 Ne7 37. Re2 Nd5+ 38. Kc2 Nf6 39. Re3 Nd5 40. Re2 Nf6 41. Nf3 Rd3 42. Nd2 Nd5 43. Ne4 Ne3+ 44. Kb1 Rd1+ 45. Ka2 Rd3 46. Nc3+ Ka5 47. Kb1 Nd1 48. Nxd1 Rxd1+ 49. Kc2 Rh1 50. Rf2 h5 51. h4 Rg1 1/2-1/2

[Event "GER-ch 80th"]
[Site "Saarbruecken"]
[Date "2009.02.06"]
[Round "1"]
[White "Mueller, Reinhold"]
[Black "Siebrecht, Sebastian"]
[Result "1-0"]
[WhiteElo "2229"]
[BlackElo "2440"]
[EventDate "2009.02.06"]
[PlyCount "110"]

1. d4 Nf6 2. c4 c5 3. d5 g6 4. Nc3 Bg7 5. e4 d6 6. f4 O-O 7. Nf3 Bg4 8. Be2 Nbd7 9. O-O Re8 10. h3 Bxf3 11. Bxf3 e6 12. dxe6 Rxe6 13. f5 Re8 14. Qxd6 Ne5 15. Qxd8 Raxd8 16. fxg6 fxg6 17. Be2 Ned7 18. Bg5 h6 19. Bh4 g5 20. Bf2 Nb6 21. Rad1 Nfd7 22. Bg4 Ne5 23. Rxd8 Rxd8 24. Be6+ Kh8 25. Bxc5 Nbxc4 26. Bxa7 Nxb2 27. Bd5 Nbc4 28. Nb5 Nc6 29. Bxc4 Nxa7 30. Nxa7 Bd4+ 31. Kh2 Bxa7 32. Kg3 Rd2 33. Rf8+ Kg7 34. Rf7+ Kg6 35. Rxb7 Bf2+ 36. Kf3 Bd4 37. Bd5 Rf2+ 38. Kg3 Rf1 39. Re7 Bf2+ 40. Kh2 Bg1+ 41. Kg3 h5 42. Re6+ Kg7 43. Re7+ Kf8 44. Rh7 Be3 45. Rxh5 Kg7 46. h4 Bf2+ 47. Kg4 Bxh4 48. a4 Rf4+ 49. Kh3 Rf8 50. a5 Rf1 51. a6 Ra1 52. g3 Kg6 53. Rh8 g4+ 54. Kxh4 Rh1+ 55. Kxg4 Rxh8 1-0

[Event "GER-ch 80th"]
[Site "Saarbruecken"]
[Date "2009.02.06"]
[Round "1"]
[White "Prusikin, Michael"]
[Black "Malek, Daniel"]
[Result "1-0"]
[WhiteElo "2529"]
[BlackElo "2306"]
[EventDate "2009.02.06"]
[PlyCount "97"]

1. d4 Nf6 2. c4 c5 3. d5 e5 4. Nc3 d6 5. e4 Nbd7 6. Nf3 Be7 7. Be2 a6 8. Rb1 O-O 9. O-O Ne8 10. b4 g6 11. bxc5 Nxc5 12. Be3 Qc7 13. Nd2 f5 14. f3 f4 15. Bf2 Nf6 16. Na4 Nfd7 17. Rb2 Rb8 18. Nb1 Nxa4 19. Qxa4 Nc5 20. Qb4 Bd7 21. Nc3 Rfc8 22. Qb6 Bd8 23. Qxc7 Bxc7 24. Bxc5 dxc5 25. Rfb1 Ba5 26. Rxb7 Rxb7 27. Rxb7 Rc7 28. Rxc7 Bxc7 29. Bd1 Ba5 30. Ba4 Bxc3 31. Bxd7 Kf7 32. d6 Be1 33. Kf1 Bh4 34. Ke2 Bf6 35. Kd3 Bg7 36. Bc8 Bf8 37. d7 Ke7 38. Kc2 Kd8 39. Kb3 Bd6 40. Ka4 Bc7 41. Bxa6 Kxd7 42. Kb5 Bd6 43. Kb6 Be7 44. Bb7 g5 45. Bd5 h5 46. h3 Bd6 47. a4 Be7 48. a5 Bd8+ 49. Kb5 1-0

[Event "GER-ch 80th"]
[Site "Saarbruecken"]
[Date "2009.02.06"]
[Round "1"]
[White "Riegler, Dieter"]
[Black "Von Herman, Ulf"]
[Result "0-1"]
[WhiteElo "2142"]
[BlackElo "2378"]
[EventDate "2009.02.06"]
[PlyCount "66"]

1. d4 Nf6 2. c4 e6 3. Nf3 Bb4+ 4. Bd2 a5 5. Nc3 d5 6. Rc1 dxc4 7. g3 Bd7 8. Ne5 Bc6 9. Nxc6 Nxc6 10. e3 e5 11. Nb5 exd4 12. Bxb4 axb4 13. Bxc4 dxe3 14. Qxd8+ Kxd8 15. O-O Ra5 16. Rfd1+ Kc8 17. fxe3 Re8 18. Nd4 Ne5 19. Bb3 Nfg4 20. e4 Kb8 21. h3 Nf6 22. Nc2 Nxe4 23. Kg2 Nc5 24. Nxb4 Nxb3 25. axb3 Rb5 26. Nd3 Rxb3 27. Nxe5 Rxe5 28. Rd8+ Ka7 29. Rxc7 Re2+ 30. Kf1 Rexb2 31. Rxf7 Rxg3 32. Rdd7 Rxh3 33. Kg1 Ra3 0-1

[Event "GER-ch 80th"]
[Site "Saarbruecken"]
[Date "2009.02.06"]
[Round "1"]
[White "Stahr, Ralf Peter"]
[Black "Wichmann, Cliff"]
[Result "0-1"]
[WhiteElo "2158"]
[BlackElo "2389"]
[EventDate "2009.02.06"]
[PlyCount "90"]

1. c4 e6 2. e4 d5 3. cxd5 exd5 4. exd5 Nf6 5. Nc3 Nxd5 6. d4 Bb4 7. Bd2 O-O 8. Bc4 Nb6 9. Bb3 Qxd4 10. Nge2 Qh4 11. O-O Nc6 12. Bf4 Rd8 13. Qc1 Bd6 14. Bxd6 cxd6 15. Nf4 Nd4 16. Bd5 Nxd5 17. Ncxd5 Be6 18. Qd2 Bxd5 19. Nxd5 Re8 20. Rae1 Re5 21. Nc7 Nf3+ 22. gxf3 Rh5 23. Qxd6 Rg5+ 24. Qg3 Rf8 25. Nd5 Rxg3+ 26. hxg3 Qd4 27. Ne7+ Kh8 28. b3 Qb2 29. Kg2 g6 30. Re3 Qxa2 31. Rd1 Qa6 32. Rd4 Kg7 33. Ra4 Qb5 34. Rg4 Rd8 35. Rc4 Rd1 36. Nc8 a5 37. Ne7 a4 38. g4 axb3 39. Rc8 b2 40. Rg8+ Kf6 41. f4 Qf1+ 42. Kg3 Qg1+ 43. Kf3 Qh1+ 44. Ke2 Qe1+ 45. Kf3 Qxe3+ 0-1

[Event "GER-ch 80th"]
[Site "Saarbruecken"]
[Date "2009.02.06"]
[Round "1"]
[White "Strohhaeker, Raoul"]
[Black "Hort, Alexej"]
[Result "1-0"]
[WhiteElo "2451"]
[BlackElo "2232"]
[EventDate "2009.02.06"]
[PlyCount "51"]

1. e4 c5 2. Nf3 a6 3. c4 Nc6 4. d4 cxd4 5. Nxd4 e5 6. Nxc6 bxc6 7. Be3 Nf6 8. Nc3 d6 9. Be2 Be7 10. O-O O-O 11. b4 Be6 12. a4 Qc7 13. Qd3 Qb7 14. Rfd1 Rfd8 15. b5 axb5 16. axb5 cxb5 17. cxb5 Rdc8 18. b6 Nd7 19. Ra7 Rxa7 20. bxa7 Nc5 21. Bxc5 dxc5 22. Qa6 Qa8 23. Rb1 g6 24. Bc4 Kg7 25. Bxe6 Rc6 26. Qxc6 1-0

[Event "GER-ch 80th"]
[Site "Saarbruecken"]
[Date "2009.02.06"]
[Round "1"]
[White "Strunski, Andreas"]
[Black "Zude, Arno"]
[Result "0-1"]
[WhiteElo "2287"]
[BlackElo "2465"]
[EventDate "2009.02.06"]
[PlyCount "92"]

1. d4 Nf6 2. c4 e6 3. Nc3 Bb4 4. Qc2 Nc6 5. Nf3 d6 6. Bd2 Qe7 7. a3 Bxc3 8. Bxc3 O-O 9. b4 e5 10. d5 Nb8 11. Nd2 Nh5 12. e3 f5 13. Bd3 c6 14. g4 fxg4 15. Bxh7+ Kh8 16. Bg6 Nf6 17. Qd3 cxd5 18. cxd5 Na6 19. e4 Ng8 20. h3 gxh3 21. Qg3 Qf6 22. f3 Qf4 23. Qxf4 Rxf4 24. Bf5 Bxf5 25. exf5 Nf6 26. Rxh3+ Kg8 27. Bb2 Rc8 28. Rc1 Rxc1+ 29. Bxc1 Rd4 30. Bb2 Rxd5 31. Ne4 Rd3 32. Nxf6+ gxf6 33. Rg3+ Kf7 34. Rh3 Kg8 35. Rg3+ Kf8 36. Ke2 Rb3 37. Bc1 Nc7 38. Bh6+ Ke8 39. Rg7 Nb5 40. Rxb7 Nd4+ 41. Kd1 Nxf5 42. Bc1 a5 43. b5 a4 44. b6 Ne7 45. Bd2 Nd5 46. Ba5 Rb5 0-1

[Event "GER-ch 80th"]
[Site "Saarbruecken"]
[Date "2009.02.06"]
[Round "1"]
[White "Tabatt, Hendrik"]
[Black "Baramidze, David"]
[Result "1/2-1/2"]
[WhiteElo "2322"]
[BlackElo "2548"]
[EventDate "2009.02.06"]
[PlyCount "74"]

1. d4 Nf6 2. c4 g6 3. Nc3 d5 4. cxd5 Nxd5 5. Nf3 Bg7 6. Qb3 Nxc3 7. bxc3 O-O 8. Bf4 c5 9. e3 cxd4 10. exd4 Nc6 11. Be2 Na5 12. Qa3 Be6 13. O-O Bc4 14. Bxc4 Nxc4 15. Qb4 Na5 16. Bg5 Re8 17. Rfe1 Bf8 18. d5 h6 19. Qh4 Qxd5 20. Rad1 Qc4 21. Rd4 Qxc3 22. Bd2 Qc7 23. Bxh6 e5 24. Rde4 Bg7 25. Bxg7 Kxg7 26. Nxe5 Rh8 27. Qf4 Rae8 28. Nxg6 Rxe4 29. Qxe4 fxg6 30. Qd4+ Kh7 31. Qh4+ Kg8 32. Qf6 Qxh2+ 33. Kf1 Qh1+ 34. Ke2 Qh5+ 35. Kf1 Qh1+ 36. Ke2 Qh5+ 37. Kf1 Qh1+ 1/2-1/2

[Event "GER-ch 80th"]
[Site "Saarbruecken"]
[Date "2009.02.06"]
[Round "1"]
[White "Westphal, Wolfgang"]
[Black "Wippermann, Till"]
[Result "0-1"]
[WhiteElo "2242"]
[BlackElo "2456"]
[EventDate "2009.02.06"]
[PlyCount "54"]

1. e4 c5 2. Nf3 Nc6 3. Bb5 g6 4. Bxc6 bxc6 5. d3 Bg7 6. O-O d6 7. h3 Nh6 8. Nc3 e5 9. a3 a5 10. Rb1 Rb8 11. Bd2 f5 12. Qe1 O-O 13. Bg5 Qc7 14. Bxh6 Bxh6 15. Nd2 Be6 16. exf5 Rxf5 17. Nce4 Qe7 18. Ng3 Rf4 19. Ne2 Rf7 20. Nc4 a4 21. Nc3 Rbf8 22. f3 Bxh3 23. Qe2 Be6 24. Nxa4 Bf4 25. Qf2 Qg5 26. Nc3 Bxc4 27. Ne4 Qh6 0-1

[Event "GER-ch 80th"]
[Site "Saarbruecken"]
[Date "2009.02.06"]
[Round "1"]
[White "Zierke, Oliver"]
[Black "Hausrath, Daniel"]
[Result "0-1"]
[WhiteElo "2300"]
[BlackElo "2493"]
[EventDate "2009.02.06"]
[PlyCount "102"]

1. d4 Nf6 2. Nf3 g6 3. c4 Bg7 4. Nc3 O-O 5. e4 d6 6. Be2 c5 7. O-O Nc6 8. d5 Na5 9. h3 e5 10. a3 b6 11. b4 Nb7 12. Bg5 h6 13. Bh4 Bd7 14. Nd2 Qc7 15. Nb5 Qb8 16. Rb1 a6 17. Nc3 Qc7 18. Qb3 Rab8 19. Rfc1 Nh7 20. Na4 h5 21. b5 Bh6 22. Rd1 Na5 23. Qc3 axb5 24. cxb5 f5 25. exf5 Bxf5 26. Bd3 Bxd3 27. Qxd3 Rf4 28. Qxg6+ Bg7 29. Nc3 Rxh4 30. Nde4 Rf4 31. Rd3 h4 32. g3 Nf8 33. Qg5 Nh7 34. Qg6 Nf8 35. Qg5 Rf7 36. Qxh4 Qd8 37. Qh5 Nh7 38. Qg6 Nc4 39. a4 Qd7 40. h4 Qf5 41. h5 Kh8 42. g4 Qd7 43. h6 Bf6 44. Rg3 Rg8 45. Qh5 Bg5 46. a5 Nd2 47. Nxd2 Bxd2 48. Ne4 Bf4 49. Rg2 Nf6 50. Nxf6 Rxf6 51. axb6 Qh7 0-1

[Event "GER-ch 80th"]
[Site "Saarbruecken"]
[Date "2009.02.06"]
[Round "1"]
[White "Zude, Erik"]
[Black "Oberhofer, Andre"]
[Result "1-0"]
[WhiteElo "2397"]
[BlackElo "2202"]
[EventDate "2009.02.06"]
[PlyCount "59"]

1. d4 Nf6 2. c4 e6 3. Nc3 d5 4. cxd5 exd5 5. Bg5 Be7 6. e3 c6 7. Qc2 Be6 8. Bd3 Nbd7 9. Nge2 h6 10. Bh4 Nb6 11. O-O O-O 12. f3 Rc8 13. Rad1 Re8 14. h3 Nh5 15. Bf2 Bd6 16. g4 c5 17. Qd2 Qf6 18. f4 cxd4 19. Nxd4 Bxf4 20. exf4 Nxf4 21. Nxe6 Nxh3+ 22. Kg2 Nxf2 23. Nd4 Nxd1 24. Rxf6 Ne3+ 25. Kg3 gxf6 26. Qf2 h5 27. Qxf6 Nxg4 28. Qg5+ Kf8 29. Nf5 Re6 30. Qg7+ 1-0

[Event "GER-ch 80th"]
[Site "Saarbruecken"]
[Date "2009.02.07"]
[Round "2"]
[White "Baramidze, David"]
[Black "Jorczik, Julian Marcel"]
[Result "1-0"]
[WhiteElo "2548"]
[BlackElo "2381"]
[EventDate "2009.02.06"]
[PlyCount "55"]

1. Nf3 Nf6 2. c4 g6 3. g3 Bg7 4. Bg2 d6 5. d4 O-O 6. Nc3 c6 7. O-O Qb6 8. b3 e5 9. e3 Na6 10. Bb2 Bg4 11. h3 Bxf3 12. Bxf3 Rfe8 13. Qd2 Rad8 14. Rad1 h5 15. Bg2 Rd7 16. d5 Nc5 17. b4 Qxb4 18. dxc6 Rdd8 19. cxb7 Qxc4 20. Ba3 e4 21. Rb1 Rb8 22. Bxc5 Qxc5 23. Rfc1 Qe5 24. Rb5 Qe6 25. Rcb1 Re7 26. Ne2 Nd7 27. Nf4 Qc4 28. Qxd6 1-0

[Event "GER-ch 80th"]
[Site "Saarbruecken"]
[Date "2009.02.07"]
[Round "2"]
[White "Boidman, Yuri"]
[Black "Strunski, Andreas"]
[Result "1-0"]
[WhiteElo "2415"]
[BlackElo "2287"]
[EventDate "2009.02.06"]
[PlyCount "77"]

1. e4 c5 2. Nf3 e6 3. Nc3 a6 4. g3 b5 5. Bg2 Bb7 6. d3 d6 7. O-O Nd7 8. Ng5 Be7 9. Nh3 Ngf6 10. f4 Qc7 11. g4 h6 12. Qe2 Nh7 13. a4 b4 14. Nd1 g5 15. c3 a5 16. cxb4 axb4 17. b3 gxf4 18. Nxf4 Bf6 19. Bb2 Rg8 20. Nh5 Bxb2 21. Nxb2 Ne5 22. h3 Ba6 23. Qe3 Rg6 24. Rf2 Nf8 25. Rc1 Qa7 26. Rd2 Nfd7 27. d4 cxd4 28. Qxd4 Nc5 29. Kh1 Nxb3 30. Qxd6 Qb8 31. Rc7 Qxc7 32. Qxc7 Nxd2 33. Qxe5 Rc8 34. Qd6 Rc1+ 35. Kh2 Rc2 36. e5 Bb7 37. Nf6+ Rxf6 38. exf6 Nf1+ 39. Kg1 1-0

[Event "GER-ch 80th"]
[Site "Saarbruecken"]
[Date "2009.02.07"]
[Round "2"]
[White "Fridman, Daniel"]
[Black "Strohhaeker, Raoul"]
[Result "1-0"]
[WhiteElo "2650"]
[BlackElo "2451"]
[EventDate "2009.02.06"]
[PlyCount "51"]

1. e4 c5 2. c3 d5 3. exd5 Qxd5 4. d4 Nc6 5. Nf3 g6 6. Na3 Bg4 7. Bc4 Qe4+ 8. Be3 cxd4 9. cxd4 O-O-O 10. Nb5 e5 11. Rc1 Kb8 12. O-O a6 13. Bd3 Bxf3 14. gxf3 Qh4 15. Rxc6 bxc6 16. Na7 Kxa7 17. Qa4 Kb8 18. Qxa6 Kc7 19. Rc1 Ne7 20. Be4 Kd7 21. Bxc6+ Nxc6 22. Qxc6+ Ke7 23. Qc7+ Ke8 24. Qxe5+ Qe7 25. Qxh8 f6 26. Qg8 1-0

[Event "GER-ch 80th"]
[Site "Saarbruecken"]
[Date "2009.02.07"]
[Round "2"]
[White "Hausrath, Daniel"]
[Black "Mueller, Reinhold"]
[Result "1-0"]
[WhiteElo "2493"]
[BlackElo "2229"]
[EventDate "2009.02.06"]
[PlyCount "61"]

1. Nf3 Nf6 2. g3 g6 3. Bg2 Bg7 4. O-O O-O 5. d4 d6 6. Re1 c5 7. dxc5 dxc5 8. Qxd8 Rxd8 9. c3 Bf5 10. Nfd2 Nc6 11. Nb3 c4 12. Nc5 Rab8 13. Na3 Rdc8 14. e4 Ne5 15. exf5 Rxc5 16. Be3 Ra5 17. Bf4 Nfd7 18. Nxc4 Nxc4 19. Bxb8 Nxb8 20. Rxe7 Nc6 21. Rxb7 N6e5 22. Rd1 Bf6 23. fxg6 hxg6 24. b3 Nb6 25. a4 Ng4 26. c4 Kg7 27. h3 Nh6 28. g4 Ng8 29. Bc6 Ne7 30. Bb5 Nbc8 31. b4 1-0

[Event "GER-ch 80th"]
[Site "Saarbruecken"]
[Date "2009.02.07"]
[Round "2"]
[White "Hort, Alexej"]
[Black "Gross, Georg"]
[Result "1/2-1/2"]
[WhiteElo "2232"]
[BlackElo "2351"]
[EventDate "2009.02.06"]
[PlyCount "150"]

1. d4 f5 2. g3 Nf6 3. Bg2 g6 4. Nf3 Bg7 5. O-O O-O 6. c4 d6 7. Nc3 Qe8 8. Nd5 Nxd5 9. cxd5 Nd7 10. Qc2 Nf6 11. Ng5 h6 12. Nh3 Qf7 13. Qb3 Ne4 14. Be3 e6 15. Bxe4 fxe4 16. Nf4 exd5 17. Qxd5 g5 18. Qxf7+ Rxf7 19. Nd5 b6 20. Nc3 Bb7 21. Rfd1 d5 22. Rac1 c6 23. Kg2 Kf8 24. b4 Rc8 25. a4 Rd7 26. a5 Ba6 27. Rd2 Bf6 28. axb6 axb6 29. Na4 Rb7 30. Nc3 Rd8 31. Rb2 Rc7 32. Na4 Bb5 33. Nc3 Rdc8 34. Rbc2 Bc4 35. Nxe4 Be7 36. h4 gxh4 37. Bxh6+ Kf7 38. Bf4 Ra7 39. gxh4 Bxb4 40. Bd6 dxe4 41. Bxb4 Bd5 42. Kh2 Ra4 43. Rb2 Rh8 44. Kg3 Raa8 45. Bd2 Ra3+ 46. Rc3 Ra6 47. Bg5 b5 48. Rc5 Ra3+ 49. Kg4 Ke6 50. f4 Ra4 51. f5+ Kd7 52. Kf4 b4 53. Bf6 Rg8 54. h5 Rg1 55. h6 Rh1 56. Bg7 Bg8 57. Kxe4 b3 58. Rc3 Ra2 59. Rcxb3 Bxb3 60. Rxb3 Rxe2+ 61. Kf4 Kd6 62. Rg3 Rh5 63. Rf3 Ke7 64. Re3+ Rxe3 65. Kxe3 Kf7 66. Ke4 Rh4+ 67. Ke5 Rh1 68. Kd6 Rc1 69. Be5 Rh1 70. Kxc6 Rxh6+ 71. Kd7 Rh5 72. f6 Rg5 73. Kd6 Rg8 74. d5 Rg5 75. Bd4 Rg4 1/2-1/2

[Event "GER-ch 80th"]
[Site "Saarbruecken"]
[Date "2009.02.07"]
[Round "2"]
[White "Hundack, Rolf"]
[Black "Buhmann, Rainer"]
[Result "0-1"]
[WhiteElo "2139"]
[BlackElo "2565"]
[EventDate "2009.02.06"]
[PlyCount "68"]

1. d4 d5 2. c4 e6 3. Nf3 Nf6 4. Bg5 c6 5. Nc3 dxc4 6. e4 b5 7. e5 h6 8. Bh4 g5 9. Nxg5 hxg5 10. Bxg5 Nbd7 11. exf6 Bb7 12. Be2 Qb6 13. Bf3 c5 14. Bxb7 Qxb7 15. Qf3 Qxf3 16. gxf3 b4 17. Nb5 O-O-O 18. Nxa7+ Kb7 19. Nb5 cxd4 20. f4 Nc5 21. Ke2 Rh3 22. f3 Kb6 23. a4 Nb3 24. Rad1 Bc5 25. Kf2 Ra8 26. Kg2 Rh5 27. Ra1 Nxa1 28. Rxa1 Rah8 29. h4 Rxh4 30. Bxh4 Rxh4 31. f5 exf5 32. Re1 c3 33. Kg3 Rh6 34. Kf4 c2 0-1

[Event "GER-ch 80th"]
[Site "Saarbruecken"]
[Date "2009.02.07"]
[Round "2"]
[White "Malek, Daniel"]
[Black "Riegler, Dieter"]
[Result "1-0"]
[WhiteElo "2306"]
[BlackElo "2142"]
[EventDate "2009.02.06"]
[PlyCount "65"]

1. c4 Nf6 2. Nc3 c5 3. g3 d5 4. cxd5 Nxd5 5. Bg2 Nc7 6. Qb3 Nc6 7. Bxc6+ bxc6 8. Qa4 Bd7 9. Nf3 f6 10. O-O e5 11. d3 Be7 12. Be3 Ne6 13. Ne4 Nd4 14. Bxd4 cxd4 15. Qc4 Qb6 16. Rfc1 Rb8 17. Rab1 Qb5 18. Nc5 Qxc4 19. Rxc4 Bxc5 20. Rxc5 Rb5 21. Rc4 Ra5 22. Ra1 Ke7 23. Nd2 Rb8 24. b3 Rb6 25. Rc2 Be6 26. Rb1 Bd5 27. f4 Kd7 28. Kf2 Kd6 29. Rbb2 Rc5 30. Nc4+ Bxc4 31. dxc4 d3 32. exd3 exf4 33. b4 1-0

[Event "GER-ch 80th"]
[Site "Saarbruecken"]
[Date "2009.02.07"]
[Round "2"]
[White "Mayer, Frank1"]
[Black "Westphal, Wolfgang"]
[Result "0-1"]
[WhiteElo "2331"]
[BlackElo "2242"]
[EventDate "2009.02.06"]
[PlyCount "92"]

1. c4 Nf6 2. Nf3 e6 3. g3 b6 4. Bg2 Bb7 5. d4 Be7 6. O-O O-O 7. Re1 h6 8. Nc3 Bb4 9. Bd2 d6 10. d5 e5 11. e4 Nbd7 12. Nh4 Nc5 13. a3 Bxc3 14. Bxc3 a5 15. b4 axb4 16. axb4 Rxa1 17. Qxa1 Ncd7 18. Nf5 Kh7 19. f4 Re8 20. Qb1 g6 21. Ne3 Qe7 22. f5 Nh5 23. Bf3 Ndf6 24. Bd2 Bc8 25. Qd1 Bd7 26. Ng2 b5 27. g4 Nf4 28. Nxf4 exf4 29. Bxf4 gxf5 30. e5 dxe5 31. c5 Nxg4 32. Bxg4 Qf6 33. Bf3 Rg8+ 34. Kh1 exf4 35. c6 Be8 36. Qd3 Kh8 37. Rd1 Qh4 38. d6 cxd6 39. Qxd6 Qh3 40. Qxf4 Rg6 41. Rg1 Qxf3+ 42. Qxf3 Bxc6 43. Rf1 Bxf3+ 44. Rxf3 Kg7 45. Rxf5 Rg5 46. Rf4 h5 0-1